SOCIEDAD BURGUESA Y LIBERALISMO ROMANTICO/

INCLUYE BIBLIOGRAFIA

Guardado en:
Detalles Bibliográficos
Autor principal: Faletto, Enzo (autor)
Otros autores: Kirkwood, Julieta (autor) (autor)
Formato: Libro
Colección:ESTUDIOS INTERDISCIPLINARIOS; 9
Temas:
Etiquetas: Agrega una etiqueta
Sin etiquetas, Sé el primero en etiquetar este registro!

MARC

LEADER 00000nam^a2200000^a^4500
001 000220987
005 20250521000000.0
009 20260310103902.283
035 |a 028300 
037 |a Acervo Xavier Clavigero 
082 |a 320. 51  |b FAL 
100 |a Faletto, Enzo  |e (autor) 
245 1 0 |a SOCIEDAD BURGUESA Y LIBERALISMO ROMANTICO/  |c ENZO FALETTO, JULIETA KIRKWOOD 
264 |a CARACAS :  |b EL CID,  |c 1977 
300 |a 173p. 
336 |a texto  |b txt  |2 rdacontenido 
337 |a sin mediación  |b n  |2 rdamedio 
338 |a volumen  |b nc  |2 rdasoporte 
440 |a ESTUDIOS INTERDISCIPLINARIOS;  |v 9 
520 |a INCLUYE BIBLIOGRAFIA 
649 |a XX 
650 |a Liberalismo 
650 |a PROCESOS SOCIALES 
700 |a Kirkwood, Julieta  |e (autor) 
910 |a Fondo General 
920 |a Impresos - Libros 
930 |a Colección General 
905 |a 101 
901 |a 028300  |b IT1  |c ACC  |i 028300  |u 20250521 
902 |a https://opac.biblio.iteso.mx/vufind/Record/000220987